01230nam a2200217 i 4500003000900000005001700009007000300026008004100029020001800070040003000088082001800118100003200136245004500168264005700213300004200270336002700312337003300339338002800372500006400400520054800464DO-SdBNP20250404153313.0ta250404t2024 dr a 00| ||spa d z9789945941418 aDO-SdBNPbspacBNPHUerda axxxbG5492221 aGlass, Eileeneautora4aut.10aEva y la montaña rusar /cEileen Glass aSanto Domingo :bEditorial La Isla de Libros,c2024. a[32] páginasbilustracionesc26 cm. atextobtxt2rdacontent asin mediaciónbn2rdamedia avolumenbnc2rdacarrier aIncluye datos biográficos de la autora en la página 32. aEste libro está diseñado para niños a partir de los 4 años de edad, y está pensado no solo para ellos, sino también para sus madres, padres, educadores y cuidadores. Su propósito principal es ayudarnos a comprender y gestionar las emociones, mientras proporciona a los adultos las herramientas necesarias para guiar y acompañar a los niños en este esencial viaje de autodescubrimiento y desarrollo emocional. Juntos, podemos enseñar a los niños a abrazar sus burbujitas de emociones con amor, comprensión y valentía.